000
00295nam a2200133Ia 4500
100
_a
Tooley/ Michael
942
_c
BK
654
_a
electronic
245
_a
Electronic Circuits handbook
260
_b
B.P.B. Pub
_a
New Delhi
_c
1994
082
_a
621.3810202
300
_a
375
546
_a
ENGLISH
999
_c
26827
_d
26827